Relaciones troficas de los juveniles de cinco especies de pargo (Pisces: Lutjanidae) en Cuba (Registro nro. 101925)

Detalles MARC
001 - NÚMERO DE CONTROL
campo de control 314723
005 - FECHA Y HORA DE LA ÚLTIMA TRANSACCIÓN
campo de control 20240201130407.0
008 - DATOS DE LONGITUD FIJA--INFORMACIÓN GENERAL
campo de control de longitud fija 981110e19970315 spa
035 ## - NÚMERO DE CONTROL DEL SISTEMA
Número de control de sistema 314723
035 ## - NÚMERO DE CONTROL DEL SISTEMA
Número de control de sistema (OCoLC)819769946
040 ## - FUENTE DE LA CATALOGACIÓN
Centro/agencia transcriptor comduadb
041 ## - CÓDIGO DE LENGUA
Código de lengua del texto/banda sonora o título independiente spa
100 10 - ENTRADA PRINCIPAL--NOMBRE DE PERSONA
Nombre de persona Sierra, Luis M.
Código de función aut
Término indicativo de función/relación Autor/a
9 (RLIN) 288247
245 10 - MENCIÓN DE TÍTULO
Título Relaciones troficas de los juveniles de cinco especies de pargo (Pisces: Lutjanidae) en Cuba
650 ## - PUNTO DE ACCESO ADICIONAL DE MATERIA--TÉRMINO DE MATERIA
Término de materia o nombre geográfico como elemento de entrada Lutianidos
9 (RLIN) 56670
650 ## - PUNTO DE ACCESO ADICIONAL DE MATERIA--TÉRMINO DE MATERIA
Término de materia o nombre geográfico como elemento de entrada Cadenas tróficas (Ecología)
9 (RLIN) 25860
650 ## - PUNTO DE ACCESO ADICIONAL DE MATERIA--TÉRMINO DE MATERIA
Término de materia o nombre geográfico como elemento de entrada Pargo
9 (RLIN) 25861
650 ## - PUNTO DE ACCESO ADICIONAL DE MATERIA--TÉRMINO DE MATERIA
Término de materia o nombre geográfico como elemento de entrada Ensenada de Punta Arenas (Cuba)
9 (RLIN) 25862
773 0# - ENLACE AL DOCUMENTO FUENTE/ENTRADA DE REGISTRO ANFITRIÓN
Título Revista de Biología Tropical (San José)
Parte(s) relacionada(s) Volumen 45, Número 01B, Marzo 1997, p. 499-506
Número de control del registro 104773
Número Internacional Normalizado para Publicaciones Seriadas 0034-7744
Número bibliográfico anfitrión 91049
942 ## - ELEMENTOS DE ENTRADA AGREGADA (KOHA)
Tipo de ítem Koha Artículo de Revista

No hay ítems disponibles.